[Event "Titled Tue 20th May Early"]
[Site "chess.com INT"]
[Date "2025.05.20"]
[Round "2"]
[White "Vakhidov, Jakhongir"]
[Black "Shukhman, Anna"]
[Result "1-0"]
[WhiteTitle "GM"]
[BlackTitle "WGM"]
[WhiteElo "2546"]
[BlackElo "2413"]
[WhiteFideId "14201801"]
[BlackFideId "54180058"]
[EventDate "2025.05.20"]

1. c4 e5 2. g3 Nc6 3. Nc3 f5 4. Nf3 Nf6 5. d4 e4 6. Nh4 d6 7. Bg5 Be7 8. e3 O-O
9. Ng2 h6 10. Bxf6 Bxf6 11. h4 Ne7 12. Nf4 c6 13. Be2 Kh7 14. Qb3 Ng6 15. h5
Nxf4 16. gxf4 Be6 17. Qc2 Rc8 18. Nxe4 Bxd4 19. Ng3 Qa5+ 20. Kf1 Bf6 21. Bd3 Be7
22. b4 Qa3 23. Bxf5+ Bxf5 24. Nxf5 Bf6 25. Ne7+ Kh8 26. Ng6+ Kg8 27. Nxf8 Bxa1
28. Qh7+ Kf7 29. Qf5+ Bf6 30. Qe6+ Kxf8 31. Qxc8+ Kf7 32. Qxb7+ Kg8 33. Qxc6
Qxa2 34. Kg2 Qe2 35. Qa8+ Kh7 36. Qe4+ Kg8 37. f5 Be5 38. c5 d5 39. Qxd5+ Kh7
40. Qe4 Bc7 41. f6+ Kg8 42. Qe6+ Kh7 43. f7 1-0

[Event "Titled Tue 20th May Early"]
[Site "chess.com INT"]
[Date "2025.05.20"]
[Round "2"]
[White "Daspres, Loic"]
[Black "Ingebretsen, Jens E"]
[Result "1/2-1/2"]
[WhiteTitle "CM"]
[BlackTitle "IM"]
[WhiteElo "2207"]
[BlackElo "2414"]
[WhiteFideId "20612281"]
[BlackFideId "1522965"]
[EventDate "2025.05.20"]

1. e4 c5 2. Nf3 Nc6 3. Bb5 g6 4. Bxc6 bxc6 5. Nc3 Bg7 6. O-O Qc7 7. Re1 d6 8. d3
e6 9. Bf4 e5 10. Bg3 Nf6 11. Bh4 Nh5 12. Ne2 h6 13. h3 O-O 14. g4 Nf4 15. Kh2
Be6 16. Bg3 g5 17. Nd2 Qd7 18. Nf1 h5 19. f3 d5 20. Ne3 c4 21. Nf5 cxd3 22. cxd3
h4 23. Bf2 Bxf5 24. Nxf4 exf4 25. gxf5 Bxb2 26. Rg1 f6 27. Rb1 dxe4 28. Rxb2 e3
29. Bxh4 Qxf5 30. Bxg5 fxg5 31. Rxg5+ Qxg5 32. Rg2 Qxg2+ 33. Kxg2 Rae8 34. Qb3+
Rf7 35. Kf1 e2+ 36. Ke1 Re7 37. Qc4 Kh7 38. Qc5 Rg7 39. h4 Re3 40. Qf5+ Kh8 41.
Qf8+ Kh7 42. Qf5+ Kg8 43. Qc8+ Kf7 44. Qc7+ Kg6 45. Qxf4 Rge7 46. Qg4+ Kf7 47.
Qf5+ Ke8 48. h5 Rg7 49. Qc8+ Kf7 50. Qd7+ Kg8 51. Qc8+ Kf7 52. Qf5+ Kg8 53. Qc8+
Kh7 54. Qf5+ Kh8 55. Qf8+ Kh7 56. Qf5+ Kg8 57. Qc8+ 1/2-1/2

[Event "Titled Tue 20th May Early"]
[Site "chess.com INT"]
[Date "2025.05.20"]
[Round "2"]
[White "Kleiman, Jake"]
[Black "Marchesich, Giovanni"]
[Result "1-0"]
[WhiteTitle "IM"]
[BlackTitle "CM"]
[WhiteElo "2399"]
[BlackElo "2219"]
[WhiteFideId "2020041"]
[BlackFideId "2824790"]
[EventDate "2025.05.20"]

1. e4 d5 2. exd5 Qxd5 3. Nc3 Qd8 4. Bc4 Nf6 5. d4 c6 6. Nf3 Bf5 7. Qe2 e6 8. Bg5
Bb4 9. O-O Bxc3 10. bxc3 Nbd7 11. a4 O-O 12. Ne5 Qc7 13. Bf4 Qc8 14. a5 Nd5 15.
Qf3 Nxf4 16. Qxf4 Nxe5 17. Qxe5 Bxc2 18. Ra2 Bg6 19. Rb2 Rb8 20. Qc5 b6 21. axb6
axb6 22. Rxb6 Rxb6 23. Qxb6 Qb8 24. Qc5 Qb2 25. Qa5 Rb8 26. h4 h5 27. Qe5 Rb6
28. Qc5 Rb8 29. Qd6 Ra8 30. Qg3 Qc2 31. Re1 Ra3 32. Re3 Ra1+ 33. Kh2 Qc1 34. Qf3
Qg1+ 35. Kg3 Qh1 36. Qxc6 Rg1 37. Qf3 Bf5 38. Bd3 Qh3+ 39. Kf4 Qxh4+ 40. Ke5
Qf6+ 41. Kd6 Qd8+ 42. Kc5 Qa5+ 43. Bb5 1-0

[Event "Titled Tue 20th May Early"]
[Site "chess.com INT"]
[Date "2025.05.20"]
[Round "2"]
[White "Perry, Patrick"]
[Black "Ermolaev, Evgeny"]
[Result "0-1"]
[BlackTitle "FM"]
[WhiteElo "2296"]
[BlackElo "2282"]
[WhiteFideId "30917727"]
[BlackFideId "24103195"]
[EventDate "2025.05.20"]

1. e4 c5 2. d4 cxd4 3. Nf3 a6 4. Nxd4 e5 5. Ne2 Nf6 6. Nbc3 Bc5 7. h3 Qb6 8. Qd3
Bxf2+ 9. Kd1 O-O 10. g4 d5 11. Nxd5 Nxd5 12. exd5 Nd7 13. Bg2 Nc5 14. Qf3 Nd7
15. Rf1 Bc5 16. Nc3 Be7 17. Ne4 Nc5 18. Qe3 Rd8 19. c4 Qb4 20. b3 b5 21. Bd2 Qa3
22. Bc1 Qb4 23. Bd2 Qa3 24. Bc1 Qa5 25. Nxc5 bxc4 26. b4 Qxb4 27. Ba3 Qa5 28.
Kc2 c3 29. Qxc3 Qc7 30. Ne4 Qd7 31. Bxe7 Qxe7 32. d6 Qe8 33. Nf6+ gxf6 34. Bxa8
Be6 35. Bc6 Qf8 36. Rac1 Rxd6 37. Kb2 Qd8 38. Ka1 Rd3 39. Qc2 Rd2 40. Qxd2 Qxd2
41. Bd5 Bxd5 42. Rc8+ Kg7 43. Kb1 Qxa2+ 44. Kc1 Qa1+ 45. Kd2 Qxf1 0-1

[Event "Titled Tue 20th May Early"]
[Site "chess.com INT"]
[Date "2025.05.20"]
[Round "2"]
[White "Kopczynski, Michal"]
[Black "Neustroev, Victor"]
[Result "1-0"]
[WhiteTitle "CM"]
[BlackTitle "FM"]
[WhiteElo "2225"]
[BlackElo "2283"]
[WhiteFideId "1124200"]
[BlackFideId "4144147"]
[EventDate "2025.05.20"]

1. e4 c5 2. d4 cxd4 3. c3 Nf6 4. Bd3 dxc3 5. Nxc3 Nc6 6. f4 d6 7. Nf3 e6 8. O-O
Be7 9. Kh1 O-O 10. Qe1 a6 11. Be3 b5 12. Rd1 Qc7 13. Qg3 b4 14. Ne2 e5 15. Rc1
Bb7 16. fxe5 dxe5 17. Bh6 Ne8 18. Bc4 Qd6 19. Bg5 Bf6 20. Qh4 h6 21. Bxf6 Qxf6
22. Qg4 Qe7 23. Ng3 Nf6 24. Qh4 Nd4 25. Nxd4 exd4 26. Rce1 Nd5 27. Qh5 Ne3 28.
Nf5 Nxf5 29. exf5 Qg5 30. Qxg5 hxg5 31. Re7 Bc6 32. Rc7 Rac8 33. Bxf7+ Kh8 34.
Ra7 Bb5 35. Rd1 Rc2 36. Bd5 d3 37. g4 1-0

[Event "Titled Tue 20th May Early"]
[Site "chess.com INT"]
[Date "2025.05.20"]
[Round "2"]
[White "Kjaergaard-Jensen, Jesper"]
[Black "Bozorov, Javohir"]
[Result "1-0"]
[WhiteTitle "CM"]
[BlackTitle "FM"]
[WhiteElo "2081"]
[BlackElo "2093"]
[WhiteFideId "1406990"]
[BlackFideId "14216957"]
[EventDate "2025.05.20"]

1. d4 Nf6 2. Nf3 d5 3. c3 Bg4 4. Bg5 Nbd7 5. Nbd2 h6 6. Bh4 e6 7. e4 dxe4 8.
Nxe4 Be7 9. Nxf6+ Bxf6 10. Bg3 O-O 11. Be2 Qe7 12. O-O c5 13. Re1 Rfd8 14. h3
Bh5 15. d5 Nb6 16. d6 Qe8 17. a4 Qc6 18. Ne5 Bxe5 19. Bxe5 Bxe2 20. Qxe2 Nc8 21.
Qg4 g6 22. Qf4 Kf8 23. Qxh6+ Ke8 24. Bf6 Nxd6 25. Rad1 Kd7 26. Qf4 Kc7 27. Be5
Rd7 28. Bxd6+ Kb6 29. a5+ Kxa5 30. Rd2 b5 31. Red1 Rad8 32. b4+ Kb6 33. Bxc5+
Kb7 34. Rxd7+ Rxd7 35. Rxd7+ Qxd7 36. Qd4 Qc6 37. Bxa7 Qa6 38. Qd7+ Ka8 39. Bc5
Qa1+ 40. Kh2 Kb8 41. Qd6+ Kb7 42. Qb6+ Kc8 43. Qc6+ Kb8 44. Bd6+ Ka7 45. Qc7+
Ka6 46. Bc5 Qxc3 47. Qa7# 1-0

[Event "Titled Tue 20th May Early"]
[Site "chess.com INT"]
[Date "2025.05.20"]
[Round "2"]
[White "Iunusov, Nuriddin"]
[Black "Tanaka, Taira Tyler"]
[Result "0-1"]
[WhiteTitle "CM"]
[BlackTitle "FM"]
[WhiteElo "1953"]
[BlackElo "2240"]
[WhiteFideId "13803026"]
[BlackFideId "7002351"]
[EventDate "2025.05.20"]

1. e4 c5 2. Nf3 d6 3. d4 cxd4 4. Nxd4 Nf6 5. Bd3 g6 6. c4 Bg7 7. Nc3 O-O 8. O-O
Nc6 9. Nxc6 bxc6 10. Qc2 a5 11. b3 Nd7 12. Bb2 Nc5 13. f3 Qb6 14. Kh1 Nxd3 15.
Qxd3 Qd4 16. Qxd4 Bxd4 17. Na4 Bxb2 18. Nxb2 f5 19. Rfe1 fxe4 20. Rxe4 Rf7 21.
Rae1 Ra7 22. c5 Bf5 23. R4e2 d5 24. g4 Bc8 25. Kg2 Kf8 26. Rd2 Ba6 27. Re6 Rf6
28. Rxf6+ exf6 29. Kf2 Ke7 30. Nd1 Kd7 31. Ne3 Rb7 32. Nc2 Rb5 33. h4 Rxc5 34.
h5 Rc3 35. Ne1 Rc1 36. Ng2 gxh5 37. gxh5 Kd6 38. Nf4 Ra1 39. Ke3 Bb5 40. Rg2 c5
41. Rg7 f5 42. Rxh7 d4+ 43. Kf2 Rxa2+ 44. Kg3 d3 45. Ng2 Rxg2+ 46. Kxg2 d2 47.
Rh6+ Kc7 48. Rh7+ Bd7 0-1

[Event "Titled Tue 20th May Early"]
[Site "chess.com INT"]
[Date "2025.05.20"]
[Round "2"]
[White "Principe, Gerson"]
[Black "Fragkos, Vasileios"]
[Result "1-0"]
[WhiteTitle "FM"]
[BlackTitle "CM"]
[WhiteElo "2176"]
[BlackElo "2176"]
[WhiteFideId "3804550"]
[BlackFideId "25832646"]
[EventDate "2025.05.20"]

1. d4 g6 2. Nf3 Bg7 3. e3 d6 4. Be2 Nf6 5. O-O O-O 6. b3 Nbd7 7. Bb2 Re8 8. c4
e5 9. Nc3 e4 10. Nd2 Qe7 11. b4 c6 12. Rc1 Nf8 13. a4 h5 14. b5 h4 15. Ba3 h3
16. g3 N8h7 17. a5 a6 18. bxc6 bxc6 19. Na4 Rb8 20. Nb6 Bb7 21. Rb1 Ng5 22. Qa4
Bf8 23. Rfc1 Qd8 24. Qd1 Bc8 25. Rb2 Be6 26. c5 dxc5 27. Bxc5 Bxc5 28. Rxc5 Nd7
29. Rxc6 Bd5 30. Rd6 Be6 31. Rc2 Qe7 32. Rdc6 Nf6 33. Bxa6 Qa7 34. Qf1 Re7 35.
R6c5 Nf3+ 36. Nxf3 exf3 37. Bd3 Kg7 38. d5 Bg4 39. d6 Reb7 40. e4 Nd7 41. Qa1+
Kh7 42. Rc8 f6 43. R2c7 Rxc7 44. Rxc7 Rb7 45. Rxb7 Qxb7 46. Nxd7 Qxd7 47. a6 Qa7
48. Bb5 Bd7 49. Bxd7 Qxd7 50. a7 Qxd6 51. a8=Q g5 52. Qd5 Qb4 53. Qf7+ Kh6 54.
Qfxf6+ Kh5 55. Qf7+ Kg4 56. Qf5+ Kh5 57. Qh8# 1-0

[Event "Titled Tue 20th May Early"]
[Site "chess.com INT"]
[Date "2025.05.20"]
[Round "2"]
[White "Garcia Gracia, Victor Hugo"]
[Black "Winkels, Marcel"]
[Result "1-0"]
[WhiteTitle "CM"]
[BlackTitle "CM"]
[WhiteElo "2206"]
[BlackElo "1918"]
[WhiteFideId "22295755"]
[BlackFideId "1003887"]
[EventDate "2025.05.20"]

1. e4 c5 2. Nf3 d6 3. d4 cxd4 4. Qxd4 Nf6 5. Be2 e5 6. Qd3 Nc6 7. O-O Be7 8. Rd1
O-O 9. a3 Be6 10. c4 Rc8 11. b3 Qc7 12. Nc3 a6 13. Bb2 Na5 14. Nd5 Bxd5 15. cxd5
Qc2 16. Qxc2 Rxc2 17. Rd2 Rfc8 18. Bc4 Rxd2 19. Nxd2 b5 20. Bd3 Nb7 21. b4 Nh5
22. g3 Bg5 23. Nf3 Bh6 24. Rd1 f6 25. Nh4 g6 26. Ng2 Nd8 27. Kf1 Nf7 28. Ke2 Ng7
29. f4 g5 30. f5 g4 31. Ne3 Bxe3 32. Kxe3 Ng5 33. Rc1 Rxc1 34. Bxc1 Nf3 35. h3
h5 36. hxg4 hxg4 37. Be2 Nh2 38. Kf2 Nh5 39. Kg2 Nf3 40. Bxf3 gxf3+ 41. Kxf3 Kg7
42. g4 Nf4 43. Bxf4 1-0

[Event "Titled Tue 20th May Early"]
[Site "chess.com INT"]
[Date "2025.05.20"]
[Round "2"]
[White "Herrera Ortiz, Miguel"]
[Black "Genkeswaran, Genivan"]
[Result "1-0"]
[WhiteTitle "IM"]
[BlackTitle "CM"]
[WhiteElo "2174"]
[BlackElo "2197"]
[WhiteFideId "5100550"]
[BlackFideId "5754496"]
[EventDate "2025.05.20"]

1. c4 e5 2. Nc3 Nc6 3. Nf3 Bc5 4. g3 Nf6 5. Bg2 d6 6. d3 h6 7. O-O O-O 8. Na4
Bb6 9. h3 Bd7 10. Nxb6 axb6 11. Kh2 Nh7 12. b3 f5 13. e3 Ng5 14. Nxg5 Qxg5 15.
f4 Qf6 16. Bb2 Qe7 17. Qd2 Rae8 18. Rae1 e4 19. dxe4 fxe4 20. g4 Qh4 21. Qf2 Qe7
22. Qg3 Nb4 23. Re2 Nd3 24. Bc3 c6 25. f5 d5 26. cxd5 cxd5 27. Bd4 b5 28. Rc2
Rc8 29. Rxc8 Rxc8 30. f6 Qf7 31. fxg7 Qe7 32. h4 Rc2 33. g5 Rc8 34. gxh6 Be6 35.
Qg6 Qxh4+ 36. Kg1 Bf5 37. Qxf5 Rc7 38. Qf8+ Kh7 39. Qh8+ Kg6 40. g8=Q+ Rg7 41.
Qhxg7+ Kh5 42. h7 Nf2 43. Rxf2 Qxf2+ 44. Kxf2 b4 45. Kg3 b5 46. Q8f7# 1-0

[Event "Titled Tue 20th May Early"]
[Site "chess.com INT"]
[Date "2025.05.20"]
[Round "2"]
[White "Marcziter, Dmitrii"]
[Black "Fiskaaen, Martin Holten"]
[Result "1/2-1/2"]
[WhiteTitle "FM"]
[BlackTitle "FM"]
[WhiteElo "2208"]
[BlackElo "2292"]
[WhiteFideId "13900765"]
[BlackFideId "1550233"]
[EventDate "2025.05.20"]

1. e4 c5 2. Nf3 d6 3. Bb5+ Bd7 4. Bxd7+ Nxd7 5. c4 Ngf6 6. Nc3 Rc8 7. b3 a6 8.
Bb2 Ne5 9. d4 Nxf3+ 10. gxf3 cxd4 11. Qxd4 g6 12. Nd5 Bg7 13. Qd2 O-O 14. Nxf6+
Bxf6 15. Bxf6 exf6 16. O-O-O b5 17. Qxd6 Qa5 18. Qd2 Qa3+ 19. Qb2 Qe7 20. Kb1
bxc4 21. Rc1 cxb3 22. axb3 Rb8 23. Rc6 Qd7 24. Rc3 Rb5 25. Rhc1 Rfb8 26. Qc2 Kg7
27. Ka2 Qe6 28. Rb1 a5 29. Rc4 Qh3 30. Qc3 Qxh2 31. Rb2 Qf4 32. Rc6 h5 33. Qc4
Rb4 34. Qd5 a4 35. Rc3 axb3+ 36. Rcxb3 Ra4+ 37. Kb1 Rba8 38. Rb7 Ra1+ 39. Kc2
Qc1+ 40. Kd3 R8a3+ 41. R2b3 Qd1+ 42. Ke3 Rxb3+ 43. Rxb3 Qc1+ 44. Qd2 Qc5+ 45.
Ke2 Qc4+ 46. Rd3 Ra3 47. Ke3 Rxd3+ 48. Qxd3 Qxd3+ 49. Kxd3 Kh6 50. f4 h4 51. Ke3
Kh5 52. Kf3 g5 53. fxg5 fxg5 54. e5 Kg6 55. Kg4 f5+ 56. exf6 Kxf6 57. f4 gxf4
58. Kxf4 h3 59. Kg3 Kg5 60. Kxh3 1/2-1/2

[Event "Titled Tue 20th May Early"]
[Site "chess.com INT"]
[Date "2025.05.20"]
[Round "2"]
[White "Burmakin, Vladimir"]
[Black "Klevansky, Aron"]
[Result "1-0"]
[WhiteTitle "GM"]
[BlackTitle "CM"]
[WhiteElo "2435"]
[BlackElo "1930"]
[WhiteFideId "4105109"]
[BlackFideId "14313332"]
[EventDate "2025.05.20"]

1. c4 Nf6 2. g3 e6 3. Bg2 Be7 4. Nf3 O-O 5. O-O d5 6. d4 Nbd7 7. Qc2 c6 8. Rd1
b6 9. b3 Bb7 10. Bb2 Rc8 11. Nc3 Qc7 12. Rac1 dxc4 13. bxc4 c5 14. d5 exd5 15.
cxd5 a6 16. e4 Bd6 17. Nh4 Rfe8 18. f4 b5 19. e5 Nxe5 20. fxe5 Bxe5 21. Ne2 Bxb2
22. Qxb2 c4 23. d6 Qd7 24. Bxb7 Qxb7 25. Nf5 Rcd8 26. Nf4 Qf3 27. Qf2 Qg4 28.
Ne3 Qg5 29. Ned5 Ne4 30. Qf3 Rxd6 31. Rd4 f5 32. Rcd1 Red8 33. Qe3 h6 34. a4 Kh7
35. Kg2 h5 36. axb5 axb5 37. Qf3 h4 38. Qh5+ Qxh5 39. Nxh5 hxg3 40. hxg3 Kg6 41.
g4 1-0

[Event "Titled Tue 20th May Early"]
[Site "chess.com INT"]
[Date "2025.05.20"]
[Round "2"]
[White "Shubhi Gupta"]
[Black "Sadey, Rinoa Mariel"]
[Result "1-0"]
[WhiteTitle "WFM"]
[WhiteElo "2187"]
[BlackElo "1760"]
[WhiteFideId "25195425"]
[BlackFideId "5255945"]
[EventDate "2025.05.20"]

1. d4 c5 2. d5 Nf6 3. c4 g6 4. Nc3 Bg7 5. e4 d6 6. Bd3 O-O 7. Nge2 e6 8. O-O
exd5 9. exd5 Nbd7 10. f4 a6 11. a4 Re8 12. Kh1 Nf8 13. f5 Ng4 14. h3 Ne5 15.
fxg6 hxg6 16. Nf4 Nxd3 17. Nxd3 Bf5 18. Bf4 Bxd3 19. Qxd3 Qd7 20. a5 Nh7 21.
Rae1 Rxe1 22. Rxe1 Re8 23. Rxe8+ Qxe8 24. Qe4 Qd7 25. Qe3 Nf6 26. b3 Kh7 27. Ne4
Nh5 28. Bxd6 Qf5 29. Ng5+ Kh6 30. Nxf7+ Kh7 31. Ng5+ Kh6 32. Nf3+ Kh7 33. Be5 1-0

[Event "Titled Tue 20th May Early"]
[Site "chess.com INT"]
[Date "2025.05.20"]
[Round "2"]
[White "Atis, Hasan"]
[Black "Leinov, Roman"]
[Result "1-0"]
[WhiteTitle "CM"]
[BlackTitle "CM"]
[WhiteElo "2089"]
[BlackElo "2120"]
[WhiteFideId "44598017"]
[BlackFideId "13504649"]
[EventDate "2025.05.20"]

1. e4 c5 2. Nf3 a6 3. d4 cxd4 4. Nxd4 Nf6 5. Nc3 e5 6. Nf3 d6 7. Bc4 h6 8. Bb3
Be7 9. O-O Be6 10. Re1 Nbd7 11. Bxe6 fxe6 12. Nh4 Kf7 13. g3 g5 14. Ng2 Rg8 15.
Ne3 Nc5 16. Qf3 Kg7 17. Ng4 Qe8 18. Nxf6 Bxf6 19. Be3 Rc8 20. Rad1 Qe7 21. Rd2
b5 22. a3 Rgd8 23. Red1 Kh7 24. Kg2 Bg7 25. Qg4 Bf8 26. Ne2 Qf7 27. Ng1 Qg6 28.
f3 Na4 29. c3 a5 30. Nh3 Be7 31. Nf2 b4 32. axb4 axb4 33. cxb4 Rb8 34. Nd3 Bf6
35. Qxe6 d5 36. exd5 Re8 37. Qd7+ Re7 38. Qxa4 e4 39. Bc5 exf3+ 40. Kxf3 Qe4+
41. Kf2 Bd4+ 42. Bxd4 Rf7+ 43. Nf4 gxf4 44. g4 Rg8 45. Qc2 Qxc2 46. Rxc2 Rxg4
47. Be5 f3 48. Bg3 Rxb4 49. d6 Re4 50. Rc7 Re2+ 51. Kf1 Rxc7 52. dxc7 Rxb2 53.
Rd7+ Kg6 54. c8=Q Kh5 55. Qg8 Rb1+ 56. Kf2 Rb2+ 57. Kf1 Rb1+ 58. Be1 Rb2 59. Rd4 1-0

[Event "Titled Tue 20th May Early"]
[Site "chess.com INT"]
[Date "2025.05.20"]
[Round "2"]
[White "Arencibia Monduy, Antonio"]
[Black "Mesquita, Eduardo Barbosa"]
[Result "1-0"]
[WhiteTitle "CM"]
[WhiteElo "2115"]
[BlackElo "2014"]
[WhiteFideId "3507939"]
[BlackFideId "22757163"]
[EventDate "2025.05.20"]

1. e4 c5 2. Nf3 d6 3. c3 Nc6 4. Bd3 Nf6 5. Bc2 g6 6. O-O Bg7 7. Re1 O-O 8. d3 d5
9. Qe2 Re8 10. Nbd2 d4 11. Nf1 Bg4 12. h3 Bxf3 13. Qxf3 Ne5 14. Qd1 Rc8 15. c4
a6 16. f4 Nc6 17. e5 Nd7 18. Qf3 b5 19. b3 Nf8 20. Bd2 Ne6 21. Ng3 h5 22. Re2 h4
23. Ne4 b4 24. Rf1 f5 25. exf6 exf6 26. f5 gxf5 27. Qxf5 Nf8 28. Ref2 Re5 29.
Qg4 f5 30. Rxf5 Rxf5 31. Rxf5 Nh7 32. Bh6 Rc7 33. Nxc5 Qe8 34. Ne4 Ne5 35. Qxh4
Ng6 36. Qh5 Qe6 37. Bxg7 Kxg7 38. Qxh7+ Kxh7 39. Ng5+ Kg8 40. Nxe6 Re7 41. Nxd4
Nh4 42. Rf2 a5 43. Kh2 Ng6 44. c5 Ne5 45. Re2 Kf7 46. Re4 Kf6 47. Nf3 Nxf3+ 48.
gxf3 Rc7 49. d4 a4 50. bxa4 Rg7 51. d5 Kf5 52. Re7+ Kf4 53. Rxg7 Ke3 54. Bb3 Kf2
55. d6 Ke3 56. c6 Kf2 57. c7 Ke3 58. d7 Kf2 59. h4 Ke3 60. h5 Kf2 61. h6 Ke3 62.
h7 Kf2 63. f4 Ke3 64. f5 Kf2 65. f6 Ke3 66. f7 Kd4 67. Rg5 Kc3 68. Rd5 Kb2 69.
d8=Q Ka3 70. c8=Q Kb2 71. a5 Ka3 72. a6 Kb2 73. a7 Ka3 74. f8=Q Kb2 75. a8=Q Ka1
76. Rd1+ Kb2 77. h8=Q# 1-0

[Event "Titled Tue 20th May Early"]
[Site "chess.com INT"]
[Date "2025.05.20"]
[Round "2"]
[White "Meylan, Andre"]
[Black "Tan, Jun Ying"]
[Result "0-1"]
[WhiteTitle "CM"]
[BlackTitle "FM"]
[WhiteElo "2138"]
[BlackElo "2414"]
[WhiteFideId "1301225"]
[BlackFideId "5710413"]
[EventDate "2025.05.20"]

1. e4 d6 2. d4 Nf6 3. Nc3 e5 4. Nf3 exd4 5. Nxd4 Be7 6. Be2 O-O 7. O-O Re8 8. f4
c5 9. Nb3 Nc6 10. Bf3 Bf8 11. Re1 a6 12. a4 Nb4 13. Kh1 Be6 14. Be3 Qb6 15. Qd2
Nxc2 16. Qxc2 Qxb3 17. Qxb3 Bxb3 18. e5 dxe5 19. Bxb7 Ra7 20. Bf3 e4 21. Be2 Re6
22. h3 h5 23. Rac1 Rb7 24. g4 hxg4 25. hxg4 Rb4 26. a5 c4 27. g5 Nd7 28. Bg4 Re7
29. Bxd7 Rxd7 30. Nxe4 Ba4 31. Re2 Bc6 32. Bb6 c3 33. Rxc3 Bxe4+ 34. Kh2 Kh7 35.
Rc8 Bd6 36. Kg3 Kg6 37. Be3 Bf5 38. Rd2 Rb3 39. Kf2 Rxe3 40. Rc6 Rd3 41. Re2 Rd4
42. Kg3 Be6 43. Rf2 Rd3+ 44. Kh4 Rh3# 0-1

[Event "Titled Tue 20th May Early"]
[Site "chess.com INT"]
[Date "2025.05.20"]
[Round "2"]
[White "Materia, Marco"]
[Black "Kozlov, Oleg"]
[Result "1-0"]
[WhiteTitle "IM"]
[BlackTitle "IM"]
[WhiteElo "2489"]
[BlackElo "2253"]
[WhiteFideId "45150451"]
[BlackFideId "4104544"]
[EventDate "2025.05.20"]

1. c4 Nf6 2. Nc3 e6 3. e4 d5 4. e5 d4 5. exf6 dxc3 6. bxc3 Qxf6 7. d4 e5 8. Nf3
exd4 9. cxd4 Bb4+ 10. Bd2 Bxd2+ 11. Qxd2 O-O 12. Be2 Bg4 13. O-O Rd8 14. Rfd1
Nc6 15. d5 Bxf3 16. Bxf3 Ne5 17. Be2 b6 18. a4 Nd7 19. a5 Nc5 20. Ra3 h6 21. Bf3
Rd6 22. g3 Re8 23. Kg2 g5 24. axb6 axb6 25. Re1 Rdd8 26. Rae3 Rxe3 27. Qxe3 Kf8
28. Qa3 Qd6 29. Qc3 Kg8 30. Rh1 Nd7 31. h4 Qe5 32. Qd2 Kg7 33. hxg5 hxg5 34. Re1
Qf6 35. Qe3 Nc5 36. Bg4 Rh8 37. Re2 Kg6 38. Qd2 Ra8 39. Qc2+ Kg7 40. Re3 Qg6 41.
Bf5 Qf6 42. Rf3 Qe5 43. Qd2 f6 44. Bb1 Rh8 45. Qc2 Qe8 46. Qf5 Qf7 47. Re3 Nd7
48. Re6 Nc5 49. Rc6 Rh6 50. g4 Nd7 51. Rxc7 1-0

[Event "Titled Tue 20th May Early"]
[Site "chess.com INT"]
[Date "2025.05.20"]
[Round "2"]
[White "Rao, Anjaneya Sripathy"]
[Black "Jimenez Almeida, Luis David"]
[Result "1-0"]
[WhiteTitle "CM"]
[BlackTitle "FM"]
[WhiteElo "2173"]
[BlackElo "2188"]
[WhiteFideId "30954770"]
[BlackFideId "22242244"]
[EventDate "2025.05.20"]

1. e4 c5 2. Nf3 Nc6 3. Bb5 g6 4. Bxc6 dxc6 5. d3 Bg7 6. h3 e5 7. Be3 Qe7 8. Nbd2
Nf6 9. a4 a5 10. Nc4 Nd7 11. c3 O-O 12. O-O b6 13. Qc2 Ba6 14. Nfd2 Rfe8 15. f4
exf4 16. Bxf4 Bxc4 17. Nxc4 Ra6 18. Rf2 Ne5 19. Bxe5 Bxe5 20. Raf1 Rf8 21. Nxe5
Qxe5 22. Qb3 Qe7 23. Rf6 Qc7 24. e5 Raa8 25. e6 fxe6 26. Qxe6+ Kg7 27. Qxc6 Qe5
28. Qxb6 Rxf6 29. Rxf6 Rb8 30. Qd6 Qe1+ 31. Kh2 Re8 32. Rf3 Re6 33. Qc7+ Re7 34.
Qxc5 Qe6 35. Qd4+ Kh6 36. Qf6 Qd7 37. Qf8+ Kh5 38. g4+ Kg5 39. Qf6+ Kh6 40. Qf8+
Kg5 41. h4+ Kxg4 42. Qf4+ Kh5 43. Qg5# 1-0

[Event "Titled Tue 20th May Early"]
[Site "chess.com INT"]
[Date "2025.05.20"]
[Round "2"]
[White "Lloret Ramis, Juan Jose"]
[Black "Luong Phuong Hanh"]
[Result "0-1"]
[WhiteTitle "FM"]
[BlackTitle "WIM"]
[WhiteElo "2019"]
[BlackElo "2144"]
[WhiteFideId "2204053"]
[BlackFideId "12401013"]
[EventDate "2025.05.20"]

1. d4 Nf6 2. Bg5 d5 3. Bxf6 exf6 4. Nf3 Be6 5. e3 c6 6. Nbd2 Nd7 7. c4 Bd6 8. c5
Bc7 9. b4 O-O 10. Bd3 a5 11. a3 b6 12. O-O g6 13. Qc2 Qe7 14. cxb6 Bxb6 15. Qxc6
axb4 16. axb4 Rxa1 17. Rxa1 Qxb4 18. Rb1 Qa3 19. Bf1 Ba5 20. h3 Qa2 21. Rd1 Rb8
22. e4 Nf8 23. exd5 Bxd5 24. Qxf6 Rb2 25. Qf4 Bxf3 26. Nxf3 Rxf2 27. d5 Bb6 28.
Kh1 Qb3 29. Re1 Qxd5 30. Bc4 Qd7 31. Qe5 Rxf3 32. gxf3 Qxh3+ 33. Qh2 Qxf3+ 34.
Qg2 Qh5+ 35. Qh2 Qf3+ 36. Qg2 Qc3 37. Bxf7+ Kxf7 38. Qb7+ Bc7 39. Qd5+ Kg7 40.
Re7+ Kh8 41. Qf7 Qh3+ 42. Kg1 Bb6+ 0-1

[Event "Titled Tue 20th May Early"]
[Site "chess.com INT"]
[Date "2025.05.20"]
[Round "2"]
[White "Waldhausen Gordon, Frederick"]
[Black "Zozek Salah Mohammed"]
[Result "1-0"]
[WhiteTitle "FM"]
[BlackTitle "FM"]
[WhiteElo "2397"]
[BlackElo "2205"]
[WhiteFideId "2409143"]
[BlackFideId "4803361"]
[EventDate "2025.05.20"]

1. Nf3 d5 2. e4 dxe4 3. Ng5 Qd5 4. d3 exd3 5. Nc3 Qe5+ 6. Be3 dxc2 7. Qxc2 Nf6
8. O-O-O Nc6 9. Bb5 Bd7 10. Rhe1 a6 11. Bc4 e6 12. f4 Qa5 13. f5 Nb4 14. fxe6
Nxc2 15. exd7+ Nxd7 16. Bxf7+ Kd8 17. Kxc2 Bd6 18. Rd5 Qb4 19. Nge4 Rf8 20. Be6
Nf6 21. Bg5 Ke7 22. Nxd6 cxd6 23. Bf5+ Kf7 24. Be6+ Kg6 25. Be3 Rac8 26. Rg5+
Kh6 27. Rg3+ Kh5 28. Rg5+ Kh6 29. Rg4+ g5 30. Rxb4 Kg6 31. Bxc8 Rxc8 32. Rxb7
Ne4 33. Bd4 Nc5 34. Bxc5 dxc5 35. Re6+ Kh5 36. Rxh7+ Kg4 37. Re4+ Kf5 38. Rf7+
Kg6 39. Ree7 Kh5 40. Ne4 Kg4 41. Nf2+ Kh5 42. Re6 g4 43. Rf5+ Kh4 44. g3# 1-0

[Event "Titled Tue 20th May Early"]
[Site "chess.com INT"]
[Date "2025.05.20"]
[Round "2"]
[White "Aravindh, Chithambaram VR."]
[Black "Iljin, Timofey"]
[Result "1-0"]
[WhiteTitle "GM"]
[BlackTitle "IM"]
[WhiteElo "2749"]
[BlackElo "2242"]
[WhiteFideId "5072786"]
[BlackFideId "14110180"]
[EventDate "2025.05.20"]

1. Nf3 Nf6 2. e3 g6 3. b3 Bg7 4. Bb2 O-O 5. Be2 d6 6. d4 a5 7. O-O a4 8. c4 Nc6
9. Nc3 a3 10. Bc1 e5 11. Nb5 exd4 12. exd4 Bg4 13. Bxa3 Nh5 14. h3 Bxf3 15. Bxf3
Nxd4 16. Nxd4 Rxa3 17. Bxh5 gxh5 18. Qd2 Ra8 19. Rae1 Qf6 20. Nb5 Rac8 21. Re3
Kh8 22. Rf3 Qg6 23. Nd4 Be5 24. Nf5 Rg8 25. g3 Rce8 26. Qd3 Re6 27. Kg2 Bf6 28.
Rd1 h4 29. Ne3 Qxd3 30. Rxd3 hxg3 31. fxg3 c6 32. Nf5 Be5 33. Rfe3 Rf6 34. Rf3
h5 35. Nh4 Rh6 36. Rxf7 Rh7 37. Rxh7+ Kxh7 38. Nf5 Ra8 39. a4 b6 40. Kf3 Kg6 41.
Ne7+ Kf6 42. Nxc6 Bb2 43. Nb4 Ke6 44. Nd5 Be5 45. Nc7+ Kf5 46. Nxa8 1-0